[Event "Mittelfranken-chTB2b 1819"]
[Site "Mittelfranken"]
[Date "2019.01.27"]
[Round "4.2"]
[White "Quaschner, Manuel"]
[Black "Wallis, Frank"]
[Result "1/2-1/2"]
[WhiteElo "2101"]
[BlackElo "1870"]
[PlyCount "97"]
[EventDate "2018.10.14"]
[EventType "team-tourn"]
[EventRounds "9"]
[EventCountry "GER"]
[SourceTitle "EXT 2022"]
[Source "ChessBase"]
[SourceDate "2021.10.06"]
[SourceVersion "1"]
[SourceVersionDate "2021.10.06"]
[SourceQuality "1"]
[WhiteTeam "Grossenseebach"]
[BlackTeam "Erlangen SC IV"]
[WhiteTeamCountry "GER"]
[BlackTeamCountry "GER"]

1. e4 b6 2. d4 Bb7 3. Bd3 e6 4. Be3 c5 5. c3 Nf6 6. f3 d5 7. e5 Nfd7 8. Ne2 Be7 9. 0-0 Ba6 10. Bc2 Nc6 11. a3 Rc8 12. Rf2 0-0 13. Nd2 Ndxe5 14. dxe5 d4 15. cxd4 cxd4 16. Nxd4 Nxd4 17. Be4 Nf5 18. Bxf5 exf5 19. Nb3 Qc7 20. f4 Rfd8 21. Rd2 Qc4 22. Nd4 g6 23. Qf3 Bc5 24. Rad1 Rd7 25. b4 Bb7 26. Qf2 Bf8 27. h4 a5 28. Nf3 Rxd2 29. Rxd2 axb4 30. Rd4 Qc3 31. axb4 Bxb4 32. Rd1 Qb3 33. Rd7 Bxf3 34. Qxf3 Bc5 35. Bxc5 Qxf3 36. gxf3 bxc5 37. Rd3 Kg7 38. Kf2 c4 39. Rc3 Kh6 40. Kg3 Kg7 41. Kf2 h6 42. Ke3 f6 43. Kd4 fxe5+ 44. fxe5 g5 45. hxg5 hxg5 46. Rxc4 Rxc4+ 47. Kxc4 g4 48. fxg4 fxg4 49. Kd4 1/2-1/2

[Event "Landesliga U20 Nord 1314"]
[Site "Bayern"]
[Date "2014.01.25"]
[Round "4.1"]
[White "Weber, Daniel"]
[Black "Quaschner, Manuel"]
[Result "1/2-1/2"]
[WhiteElo "2103"]
[BlackElo "2011"]
[PlyCount "95"]
[EventDate "2013.11.16"]
[EventType "team-tourn"]
[EventRounds "7"]
[EventCountry "GER"]
[SourceTitle "EXT 2022"]
[Source "ChessBase"]
[SourceDate "2021.10.06"]
[SourceVersion "1"]
[SourceVersionDate "2021.10.06"]
[SourceQuality "1"]
[WhiteTeam "Bechhofen U20"]
[BlackTeam "Grossenseebach U20"]
[WhiteTeamCountry "GER"]
[BlackTeamCountry "GER"]

1. e4 c5 2. Nf3 Nc6 3. d4 cxd4 4. Nxd4 g6 5. c4 Bg7 6. Be3 Nf6 7. Nc3 0-0 8. f3 d6 9. Be2 Bd7 10. 0-0 Nxd4 11. Bxd4 Bc6 12. Nd5 Nd7 13. Bxg7 Kxg7 14. Qd4+ e5 15. Qe3 Bxd5 16. cxd5 Qb6 17. Qxb6 Nxb6 18. a4 a6 19. a5 Nd7 20. b4 Rac8 21. Rfc1 f5 22. Bd3 f4 23. Kf2 Kf6 24. Be2 Ke7 25. Bd1 h6 26. Ba4 Rfd8 27. Ke2 Rg8 28. Rab1 Rgd8 29. Kd3 Rg8 30. g4 Rgd8 31. h4 Rh8 32. Bxd7 Kxd7 33. Rxc8 Rxc8 34. b5 axb5 35. Rxb5 Kc7 36. Rb3 Ra8 37. Ra3 Ra6 38. Kc4 b6 39. Kb5 Kb7 40. Ra4 Rxa5+ 41. Rxa5 bxa5 42. Kxa5 Ka7 43. g5 h5 44. Kb5 Kb7 45. Ka5 Ka7 46. Kb5 Kb7 47. Ka5 Ka7 48. Kb5 1/2-1/2

[Event "Landesliga U20 Nord 1314"]
[Site "Bayern"]
[Date "2013.11.16"]
[Round "1.1"]
[White "Tong, Kevin"]
[Black "Quaschner, Manuel"]
[Result "1-0"]
[WhiteElo "1994"]
[BlackElo "2011"]
[PlyCount "103"]
[EventDate "2013.11.16"]
[EventType "team-tourn"]
[EventRounds "7"]
[EventCountry "GER"]
[SourceTitle "EXT 2022"]
[Source "ChessBase"]
[SourceDate "2021.10.06"]
[SourceVersion "1"]
[SourceVersionDate "2021.10.06"]
[SourceQuality "1"]
[WhiteTeam "Erlangen SC U20 II"]
[BlackTeam "Grossenseebach U20"]
[WhiteTeamCountry "GER"]
[BlackTeamCountry "GER"]

1. e4 c5 2. Nf3 Nc6 3. d4 cxd4 4. Nxd4 g6 5. c4 Bg7 6. Be3 Nf6 7. Nc3 Ng4 8. Qxg4 Nxd4 9. Qd1 Nc6 10. Qd2 d6 11. Be2 Be6 12. 0-0 0-0 13. Rac1 Ne5 14. b3 Ng4 15. Bxg4 Bxg4 16. f4 Bd7 17. f5 Bc6 18. Nd5 Bxd5 19. exd5 Qd7 20. Bh6 f6 21. Rf3 g5 22. Bxg7 Kxg7 23. Re1 Rae8 24. Re6 Rh8 25. Qe2 h5 26. Rfe3 Kf7 27. Qd3 b6 28. Qd4 Qc7 29. Qe4 Qd7 30. b4 Rh7 31. c5 Rhh8 32. cxd6 exd6 33. Qd4 Qd8 34. Qc3 Rxe6 35. Rxe6 Re8 36. Qc6 Rxe6 37. fxe6+ Kf8 38. Qb7 Qe7 39. Qc8+ Kg7 40. Kf2 f5 41. Qd7 Kf8 42. Qxe7+ Kxe7 43. h4 gxh4 44. Kg1 h3 45. gxh3 b5 46. Kg2 Kf6 47. Kg3 Kg7 48. Kf4 Kf6 49. h4 Kg6 50. e7 Kf7 51. Kxf5 Kxe7 52. Kg6 1-0

[Event "GER-chT U20"]
[Site "Osnabrueck"]
[Date "2010.12.28"]
[Round "4.5"]
[White "Bluhm, Achim"]
[Black "Quaschner, Manuel"]
[Result "1/2-1/2"]
[WhiteElo "1817"]
[BlackElo "1809"]
[PlyCount "77"]
[EventDate "2010.12.27"]
[EventType "team-swiss"]
[EventRounds "7"]
[EventCountry "GER"]
[SourceTitle "CBM 140 Extra"]
[Source "ChessBase"]
[SourceDate "2011.03.01"]
[SourceVersion "1"]
[SourceVersionDate "2011.03.01"]
[SourceQuality "1"]
[WhiteTeam "Neuberg"]
[BlackTeam "Grossenseebach"]
[WhiteTeamCountry "GER"]
[BlackTeamCountry "GER"]

1. b3 e5 2. Bb2 Nc6 3. e3 g6 4. Nf3 Bg7 5. Bb5 Nge7 6. d4 exd4 7. Nxd4 Nxd4 8. Bxd4 0-0 9. Bxg7 Kxg7 10. 0-0 c6 11. Be2 d5 12. Nd2 Be6 13. Nf3 Nf5 14. Nd4 Nd6 15. Bf3 Re8 16. c3 Qc7 17. Qc2 Rad8 18. Rfe1 Qc8 19. h3 c5 20. Nxe6+ fxe6 21. Rad1 Nf7 22. c4 Ng5 23. Bg4 Qc6 24. Qc3+ Kf7 25. Qe5 Ne4 26. Bf3 Nf6 27. h4 h5 28. Rd2 Rd7 29. Red1 Red8 30. g3 b5 31. cxd5 exd5 32. Qf4 Qe6 33. e4 dxe4 34. Rxd7+ Rxd7 35. Rxd7+ Qxd7 36. Bxe4 Qe7 37. Bf3 Kg7 38. Kg2 b4 39. Qc4 1/2-1/2

[Event "Bayernliga U20 1011"]
[Site "Bayern"]
[Date "2010.10.16"]
[Round "1.4"]
[White "Stephan, Michael"]
[Black "Quaschner, Manuel"]
[Result "1/2-1/2"]
[WhiteElo "1832"]
[BlackElo "1889"]
[PlyCount "85"]
[EventDate "2010.10.16"]
[EventType "team-tourn"]
[EventRounds "7"]
[EventCountry "GER"]
[SourceTitle "EXT 2022"]
[Source "ChessBase"]
[SourceDate "2021.10.06"]
[SourceVersion "1"]
[SourceVersionDate "2021.10.06"]
[SourceQuality "1"]
[WhiteTeam "Forchheim SC U20"]
[BlackTeam "Grossenseebach U20"]
[WhiteTeamCountry "GER"]
[BlackTeamCountry "GER"]

1. e4 c5 2. Nf3 Nc6 3. d4 cxd4 4. Nxd4 g6 5. Be3 Bg7 6. Nc3 d6 7. Qd2 Nf6 8. f3 0-0 9. 0-0-0 Bd7 10. h4 h5 11. Be2 Qa5 12. Nb3 Qc7 13. Bh6 a5 14. a4 Nb4 15. Bxg7 Kxg7 16. Nd4 Rac8 17. Kb1 Rfd8 18. Rc1 e5 19. Ndb5 Bxb5 20. Nxb5 Qc5 21. c4 Ne8 22. g4 Nf6 23. Rcg1 Rd7 24. Rg2 Rh8 25. g5 Nh7 26. Rf1 Re8 27. Re1 Red8 28. Rf1 Nf8 29. f4 exf4 30. Qxf4 Qe5 31. Qf6+ Qxf6 32. gxf6+ Kh7 33. Rfg1 Ne6 34. Rd1 Nc6 35. Bf1 Nc5 36. Re2 Ne5 37. Re3 Nxa4 38. Kc2 Nb6 39. b3 a4 40. Bh3 axb3+ 41. Rxb3 Nbxc4 42. Bxd7 Rxd7 43. Kc3 1/2-1/2

[Event "Mittelfranken-chTB1 0910"]
[Site "Mittelfranken"]
[Date "2010.04.18"]
[Round "9.7"]
[White "Quaschner, Manuel"]
[Black "Ammon, Tobias"]
[Result "1/2-1/2"]
[WhiteElo "1739"]
[BlackElo "1973"]
[PlyCount "99"]
[EventDate "2009.10.11"]
[EventType "team-tourn"]
[EventRounds "9"]
[EventCountry "GER"]
[SourceTitle "EXT 2011"]
[Source "ChessBase"]
[SourceDate "2010.11.26"]
[SourceVersion "1"]
[SourceVersionDate "2010.11.26"]
[SourceQuality "1"]
[WhiteTeam "Grossenseebach"]
[BlackTeam "Altensittenbach"]
[WhiteTeamCountry "GER"]
[BlackTeamCountry "GER"]

1. e4 e5 2. Nf3 Nf6 3. Nxe5 d6 4. Nf3 Nxe4 5. Nc3 Nxc3 6. dxc3 Be7 7. Be3 0-0 8. Qd2 Nd7 9. 0-0-0 c6 10. h4 Ne5 11. Nxe5 dxe5 12. Bd3 Qa5 13. Kb1 Be6 14. c4 Qxd2 15. Rxd2 Rfd8 16. Rhd1 h6 17. g3 Bg4 18. Re1 Bb4 19. c3 Be7 20. Kc1 Be6 21. Red1 b6 22. Be2 Rxd2 23. Rxd2 f5 24. Kc2 f4 25. gxf4 exf4 26. Bxf4 Bxh4 27. Bg3 Be7 28. b3 Bf5+ 29. Bd3 Bxd3+ 30. Rxd3 Rd8 31. b4 Rxd3 32. Kxd3 Kf7 33. b5 cxb5 34. cxb5 Bc5 35. f3 Ke6 36. Bb8 Kd7 37. a4 Kc8 38. Be5 g5 39. Ke4 h5 40. Kf5 Be3 41. Bf6 h4 42. Be5 Bd2 43. Kg4 Be1 44. Bd4 Bd2 45. c4 Kb7 46. Be5 Be3 47. Bd6 a6 48. Be5 axb5 49. cxb5 Kc8 50. Bc3 1/2-1/2

[Event "Mittelfranken-chTB2a 0809"]
[Site "Mittelfranken"]
[Date "2009.03.08"]
[Round "7.7"]
[White "Quaschner, Manuel"]
[Black "Hofer, Stefan1"]
[Result "1-0"]
[WhiteElo "1649"]
[BlackElo "1503"]
[PlyCount "81"]
[EventDate "2008.10.12"]
[EventType "team"]
[EventRounds "9"]
[EventCountry "GER"]
[SourceTitle "EXT 2011"]
[Source "ChessBase"]
[SourceDate "2010.11.26"]
[SourceVersion "1"]
[SourceVersionDate "2010.11.26"]
[SourceQuality "1"]
[WhiteTeam "Grossenseebach II"]
[BlackTeam "Cadolzburg"]
[WhiteTeamCountry "GER"]
[BlackTeamCountry "GER"]

1. e4 e6 2. d4 d5 3. Nc3 Nc6 4. Nf3 Nf6 5. e5 Ne4 6. Bd3 Nxc3 7. bxc3 f6 8. exf6 Qxf6 9. 0-0 Bd6 10. Bg5 Qf7 11. c4 0-0 12. Bd2 Qh5 13. c5 Bxh2+ 14. Nxh2 Qxd1 15. Raxd1 Nxd4 16. Bc3 Nf5 17. Nf3 Nh6 18. Ne5 Nf7 19. Rfe1 Nxe5 20. Bxe5 c6 21. Re3 Bd7 22. Rg3 Rf7 23. Rh3 h6 24. Bg6 Rff8 25. Rg3 Rad8 26. Rd4 Ra8 27. Rdg4 b6 28. Bh5 g5 29. f4 Rf5 30. Bc3 Kh7 31. fxg5 e5 32. gxh6 Rxh5 33. Rg7+ Kh8 34. Rxd7 d4 35. Bd2 e4 36. Rxd4 Rd5 37. Rxd5 cxd5 38. c6 Rc8 39. Rg6 d4 40. Bf4 e3 41. Kf1 1-0

[Event "GER-ch U12"]
[Site "Willingen"]
[Date "2006.06.09"]
[Round "9"]
[White "Marquardt, Patrick"]
[Black "Quaschner, Manuel"]
[Result "1-0"]
[WhiteElo "1505"]
[BlackElo "1394"]
[PlyCount "59"]
[EventDate "2006.06.03"]
[EventType "swiss"]
[EventRounds "11"]
[EventCountry "GER"]
[SourceTitle "EXT 2007"]
[Source "ChessBase"]
[SourceDate "2006.11.23"]
[SourceVersion "1"]
[SourceVersionDate "2006.11.23"]
[SourceQuality "1"]

1. e4 c5 2. Nf3 e6 3. d4 cxd4 4. Nxd4 Nf6 5. Bg5 Qa5+ 6. Bd2 Qc7 7. Nc3 a6 8. Be3 Nc6 9. Be2 Bb4 10. Bd3 0-0 11. 0-0 h6 12. Nxc6 bxc6 13. f4 Be7 14. e5 Nd5 15. Nxd5 cxd5 16. Qg4 Bc5 17. Rf3 Bxe3+ 18. Rxe3 Qc5 19. Rae1 Re8 20. Kh1 Bb7 21. Rg3 Qf8 22. Qh4 g6 23. Rf1 Kh8 24. Bxg6 fxg6 25. Rxg6 Kh7 26. Rf3 Qg7 27. Rxg7+ Kxg7 28. Rg3+ Kf8 29. Qxh6+ Ke7 30. Qf6# 1-0

[Event "GER-ch U12"]
[Site "Willingen"]
[Date "2006.06.07"]
[Round "8"]
[White "Quaschner, Manuel"]
[Black "Lindner, Sebastian"]
[Result "1/2-1/2"]
[WhiteElo "1394"]
[BlackElo "1496"]
[PlyCount "120"]
[EventDate "2006.06.03"]
[EventType "swiss"]
[EventRounds "11"]
[EventCountry "GER"]
[SourceTitle "EXT 2007"]
[Source "ChessBase"]
[SourceDate "2006.11.23"]
[SourceVersion "1"]
[SourceVersionDate "2006.11.23"]
[SourceQuality "1"]

1. e4 c5 2. Nf3 d6 3. d4 cxd4 4. Nxd4 Nf6 5. Nc3 a6 6. Be2 e5 7. Nb3 Be6 8. 0-0 Be7 9. f4 Nc6 10. Be3 b5 11. a3 d5 12. f5 d4 13. fxe6 fxe6 14. Bd2 dxc3 15. Bxc3 0-0 16. Bf3 Qb6+ 17. Kh1 Rad8 18. Qe2 Nd4 19. Nxd4 exd4 20. Bd2 e5 21. Qd3 Nd7 22. b4 Nf6 23. c3 Qb8 24. cxd4 Rxd4 25. Qe2 Rfd8 26. Be3 Rd3 27. Rfd1 R3d7 28. Rxd7 Rxd7 29. Rd1 Qd8 30. Rxd7 Qxd7 31. Qd2 Qc7 32. Qa2+ Kf8 33. Kg1 a5 34. Bd2 Qa7+ 35. Kf1 axb4 36. Qe6 bxa3 37. Bc3 a2 38. Ba1 Qc5 39. Qxa2 Qa3 40. Qxa3 Bxa3 41. Ke2 Bd6 42. Kd3 Ke7 43. Be2 Kd7 44. Bf3 Kc6 45. Kc2 Kc5 46. Kc3 Bc7 47. Kb3 h5 48. h4 b4 49. Bb2 Bd6 50. Ba1 g6 51. Bb2 Kc6 52. Bc1 Kd7 53. Bd2 Ke6 54. Bxb4 Bxb4 55. Kxb4 Nd7 56. Kc3 Kf6 57. g3 g5 58. Bxh5 gxh4 59. gxh4 Nc5 60. Bf3 Ne6 1/2-1/2

[Event "GER-chT U12"]
[Site "Verden"]
[Date "2004.12.27"]
[Round "1.3"]
[White "Ma, Beini"]
[Black "Quaschner, Manuel"]
[Result "1-0"]
[WhiteElo "1550"]
[BlackElo "1263"]
[PlyCount "75"]
[EventDate "2004.12.27"]
[EventType "team-swiss"]
[EventRounds "7"]
[EventCountry "GER"]
[SourceTitle "EXT 2006"]
[Source "ChessBase"]
[SourceDate "2005.11.24"]
[SourceVersion "1"]
[SourceVersionDate "2005.11.24"]
[SourceQuality "1"]

1. e4 c5 2. Nc3 Nc6 3. Nf3 Nf6 4. d4 cxd4 5. Nxd4 g6 6. Bc4 Bg7 7. Be3 0-0 8. f3 d5 9. Nxc6 bxc6 10. exd5 cxd5 11. Nxd5 Be6 12. Nxf6+ Bxf6 13. Bxe6 fxe6 14. Qxd8 Rfxd8 15. c3 Rab8 16. Bc1 h6 17. 0-0 Kh7 18. Re1 Rd6 19. Bf4 e5 20. Bxe5 Bxe5 21. Rxe5 Rd7 22. Rae1 Re8 23. c4 Kg7 24. c5 Kf8 25. c6 Rc7 26. Re6 Kf7 27. b4 Rd8 28. b5 Rd6 29. R6e5 a6 30. a4 Kf6 31. Rc5 axb5 32. axb5 e6 33. Rb1 Ra7 34. b6 Ra2 35. Rcb5 Ke7 36. b7 Rdd2 37. b8Q Rxg2+ 38. Kh1 1-0